000
00300nam a2200121Ia 4500
008
190216s9999||||xx |||||||||||||| ||und||
100
_a
"Ray M ,maglik R D And Sharma G C"
245
2
_a
A Text Book Of Statistics
260
_b
S Chand & Co
_c
1970
300
_a
227p
650
_a
Physics
942
_c
BK
999
_c
32818
_d
32818